| 000 | 00441 a2200169 4500 | ||
|---|---|---|---|
| 001 | 068401 | ||
| 003 | OSt | ||
| 005 | 20220217103452.0 | ||
| 008 | |||
| 082 |
_a330.1556 _bJ73A |
||
| 100 | 1 | _aJones, Chris | |
| 245 | 1 |
_aApplied welfare economics _cby Chris Jones |
|
| 260 |
_aNew York _bOxford University Press _c2005 |
||
| 300 | _a308p. | ||
| 653 | _aWelfare economics; Economic policy | ||
| 942 |
_2ddc _cBK |
||
| 999 |
_c2079 _d2079 |
||